01125nam a2200217Ia 4500999001500000008005200015082001500067100001900082245002600101250000800127260005100135300002200186504043700208650002300645650002300668650002300691650002800714700002800742942000700770952013000777 c7480d7480200103s 1940 ||||xx |||||||||||||| ||und|| a620.1bTIM aTimoshenko, S. 0aEngineering mechanics a2nd bMcGraw-Hill Book Company, Inc.c1940aNew York axiv, 523 p.: ill. aTable of Contents Preface Notations Introduction Concurrent forces in a plane Parallel forces in a plane General case of forces in a plane Force systems in space Principle of virtual work Rectilinear translation Curvilinear translation Rotation of a rigid body about a fixed axis Plane motion of a rigid body Relative motion -- Appendix 1. Moments of inertia of plane figures Appendix 2. Moments of inertia of material bodies Index aMechanics, Applied aStatics - Dynamics aForces and couples aMechanics - Engineering aYoung, D. H.eCo-author cBK 00102ddc406620_100000000000000_TIM708NFIC98508aMUbMUcGENd2020-01-08o620.1 TIMpMPC155r2025-03-17yBKzColumn - 32